000 00338nam a22001457a 4500
008 221220b ||||| |||| 00| 0 eng d
020 _a9780883851586
041 _aeng
080 _a51
082 _a51MEI
100 _a22.2
101 _aMATE
245 _aWRITING IN THE TEACHING LEARNING OF MATHEMATICS
_cMEIER J
942 _2udc
_cBK
999 _c59215
_d59215